REITs on the rise (Record no. 78256)

MARC details
000 -LEADER
fixed length control field 00747cab a2200193 4500
001 - CONTROL NUMBER
control field L136365
008 - FIXED-LENGTH DATA ELEMENTS--GENERAL INFORMATION
fixed length control field 070129n2007 000 0 eng u
035 ## - SYSTEM CONTROL NUMBER
System control number (Sirsi) u136365
041 0# - LANGUAGE CODE
Language code of text/sound track or separate title eng
100 1# - MAIN ENTRY--PERSONAL NAME
Personal name Fisher, Anthony
245 00 - TITLE STATEMENT
Title REITs on the rise
260 ## - PUBLICATION, DISTRIBUTION, ETC.
Date of publication, distribution, etc. 2007
490 #0 - SERIES STATEMENT
Series statement RICS Business
Volume/sequential designation January 2007, 31(1)
520 ## - SUMMARY, ETC.
Summary, etc. Discusses the effects the introduction of REITs in the UK will have on the European property market. Predicts that REITs will help facilitate a high-quality residential letting market and offer the prospect of boosting house building over the longer term.
590 ## - LOCAL NOTE (RLIN)
Local note KA
651 #4 - SUBJECT ADDED ENTRY--GEOGRAPHIC NAME
Geographic name United Kingdom
Chronological subdivision
690 ## - LOCAL SUBJECT ADDED ENTRY--TOPICAL TERM (OCLC, RLIN)
Topical term or geographic name as entry element PROPERTY-PROPERTY FINANCE AND INVESTMENT-REAL ESTATE INVESTMENT TRUSTS
942 ## - ADDED ENTRY ELEMENTS (KOHA)
Suppress in OPAC 0
Holdings
Withdrawn status Lost status Source of classification or shelving scheme Damaged status Not for loan Home library Current library Shelving location Date acquired Total Checkouts Full call number Barcode Date last seen Copy number Price effective from Koha item type
    Dewey Decimal Classification     London London Journal article 29/01/2007   L136365 136365-1001 06/08/2019 1 06/08/2019 Journal article